<?xml version="1.0" encoding="UTF-8"?>
<record
    xmlns:xsi="http://www.w3.org/2001/XMLSchema-instance"
    xsi:schemaLocation="http://www.loc.gov/MARC21/slim http://www.loc.gov/standards/marcxml/schema/MARC21slim.xsd"
    xmlns="http://www.loc.gov/MARC21/slim">

  <leader>00942nam a2200241 a 4500</leader>
  <controlfield tag="001">78498</controlfield>
  <controlfield tag="003">BD-RjUL</controlfield>
  <controlfield tag="005">20211209083133.0</controlfield>
  <controlfield tag="008">210928s19771974bg a|||| b||| 00| 0 ben d</controlfield>
  <datafield tag="035" ind1=" " ind2=" ">
    <subfield code="a">(BD-RjUL)78724</subfield>
  </datafield>
  <datafield tag="040" ind1=" " ind2=" ">
    <subfield code="a">BD-RjUL</subfield>
    <subfield code="b">ben</subfield>
    <subfield code="c">BD-RjUL</subfield>
  </datafield>
  <datafield tag="041" ind1=" " ind2=" ">
    <subfield code="a">ben</subfield>
  </datafield>
  <datafield tag="082" ind1=" " ind2=" ">
    <subfield code="2">23</subfield>
    <subfield code="a">158.7</subfield>
    <subfield code="b">HAS 1977</subfield>
  </datafield>
  <datafield tag="100" ind1=" " ind2=" ">
    <subfield code="a">&#x9B9;&#x9AC;&#x9C0;&#x9AC;&#x9C1;&#x9B2;&#x9CD;&#x9B2;&#x9BE;&#x9B9;, &#x9AE;&#x9C1;&#x9B9;&#x9AE;&#x9CD;&#x9AE;&#x9A6; </subfield>
    <subfield code="9">157800</subfield>
  </datafield>
  <datafield tag="245" ind1="1" ind2="0">
    <subfield code="a">&#x9B6;&#x9BF;&#x9B2;&#x9CD;&#x9AA; &#x9AE;&#x9A8;&#x9CB;&#x9AC;&#x9BF;&#x99C;&#x9CD;&#x99E;&#x9BE;&#x9A8; /</subfield>
    <subfield code="c">&#x9AE;&#x9C1;&#x9B9;&#x9AE;&#x9CD;&#x9AE;&#x9A6; &#x9B9;&#x9AC;&#x9C0;&#x9AC;&#x9C1;&#x9B2;&#x9CD;&#x9B2;&#x9BE;&#x9B9;</subfield>
  </datafield>
  <datafield tag="250" ind1=" " ind2=" ">
    <subfield code="a">&#x9E7;&#x9AE; &#x9B8;&#x982;.</subfield>
  </datafield>
  <datafield tag="260" ind1=" " ind2=" ">
    <subfield code="a">&#x9A2;&#x9BE;&#x995;&#x9BE; :</subfield>
    <subfield code="b">&#x9AC;&#x9BE;&#x982;&#x9B2;&#x9BE; &#x98F;&#x995;&#x9BE;&#x9A1;&#x9C7;&#x9AE;&#x9C0;,</subfield>
    <subfield code="c">&#x9E7;&#x9EF;&#x9ED;&#x9EA; [&#x9AE;&#x9C1;&#x9A6;&#x9CD;&#x9B0;&#x9A8; &#x9E7;&#x9EF;&#x9ED;&#x9ED;]</subfield>
  </datafield>
  <datafield tag="300" ind1=" " ind2=" ">
    <subfield code="a">&#x9E9;&#x9EE;&#x9E8; &#x9AA;&#x9C3;. :</subfield>
    <subfield code="b">&#x99A;&#x9BF;&#x9A4;&#x9CD;&#x9B0; ;</subfield>
    <subfield code="c">&#x9E8;&#x9E7; &#x9B8;&#x9C7;&#x9AE;&#x9BF;.</subfield>
  </datafield>
  <datafield tag="504" ind1=" " ind2=" ">
    <subfield code="a">&#x997;&#x9CD;&#x9B0;&#x9A8;&#x9CD;&#x9A5;&#x9AA;&#x99E;&#x9CD;&#x99C;&#x9BF; &#x9B8;&#x982;&#x9AF;&#x9C1;&#x995;&#x9CD;&#x9A4; </subfield>
  </datafield>
  <datafield tag="650" ind1=" " ind2=" ">
    <subfield code="a">&#x9AE;&#x9A8;&#x9CB;&#x9AC;&#x9BF;&#x99C;&#x9CD;&#x99E;&#x9BE;&#x9A8;, &#x9B6;&#x9BF;&#x9B2;&#x9CD;&#x9AA; </subfield>
    <subfield code="9">157801</subfield>
  </datafield>
  <datafield tag="650" ind1=" " ind2=" ">
    <subfield code="a">Psychology, Industrial</subfield>
    <subfield code="9">131159</subfield>
  </datafield>
  <datafield tag="942" ind1=" " ind2=" ">
    <subfield code="2">ddc</subfield>
    <subfield code="c">BK</subfield>
  </datafield>
  <datafield tag="999" ind1=" " ind2=" ">
    <subfield code="c">78498</subfield>
    <subfield code="d">78498</subfield>
  </datafield>
  <datafield tag="952" ind1=" " ind2=" ">
    <subfield code="0">0</subfield>
    <subfield code="1">0</subfield>
    <subfield code="2">ddc</subfield>
    <subfield code="4">0</subfield>
    <subfield code="7">1</subfield>
    <subfield code="8">NFIC</subfield>
    <subfield code="a">RUCL</subfield>
    <subfield code="b">RUCL</subfield>
    <subfield code="c">Reading</subfield>
    <subfield code="d">1982-07-27</subfield>
    <subfield code="e">Alighar Library</subfield>
    <subfield code="g">30.00</subfield>
    <subfield code="l">0</subfield>
    <subfield code="o">B 158.7 HAS 1977</subfield>
    <subfield code="r">2021-09-28 00:00:00</subfield>
    <subfield code="t">C-1</subfield>
    <subfield code="w">2021-09-28</subfield>
    <subfield code="y">BK</subfield>
  </datafield>
</record>
